000 00947nam a2200229Ii 4500
003 JO-AjNU
005 20240630094513.0
008 230605s9999||||xx |||||||||||||| ||und||
040 _aJO-AjNU
_bara
_erda
_cJO-AjNU
041 _aara
050 1 4 _aK411.6.2005
100 3 _aإعداد رامي سمير كمال الصويص؛ إشراف محمد يوسف الزعبي,
_eauthor
_946754
245 0 0 _aتنازع القوانين في مجال حق المؤلف " دراسة مقارنة "
264 3 1 _a 2005
300 _a200 ورقة
336 _atext
_btxt
_2rdacontent
337 _aunmediated
_bn
_2rdamedia
338 _avolume
_bnc
_2rdacarrier
500 _aرسالة جامعية (دكتوراة فلسفة في القانون الخاص )--جامعة عمان العربية ، كلية الدراسات القانونية العليا ، 2005
650 4 _aحق المؤلف -- قوانين وأنظمة
_946755
942 _2lcc
_cTHS
999 _c23931
_d23931